000 00561nam a2200181Ia 4500
005 20250508153415.0
008 008 250505s9999 xx 000 0 eng d
037 _aBooks to be hide in OPAC
040 _aFEDL
_beng
_cFEDL
041 _aeng
_2eng
084 _a027.7, UNI/O
_qFEDL
100 _aRather John Carson
_9762525
245 0 _aLibrary statistics of larger colleges and universities 1956-57
245 0 _cU S Department of Health, Education, and Welfare
300 _a13p.
942 _cHB
_h027.7, UNI/O
999 _c1342648
_d1342648